Tilastot visalle Valtiot, joiden nimessä on M

Klikkaa tästä pelataksesi tätä visaa!

Yleistilastot

  • Tätä visaa on pelattu 314 kertaa
  • Keskiarvotulos 41 / 52

Vastaustilastot

vihjevaltio% Oikein
1 x MMeksiko
97%
1 x MMali
96%
1 x MMarokko
96%
1 x MMalediivit
92%
1 x MMalesia
92%
1 x MMalta
92%
1 x MMauritania
92%
1 x MMongolia
92%
1 x MSuomi
90%
1 x MMarshallinsaaret
89%
1 x MMonaco
89%
1 x MMoldova
88%
1 x MMontenegro
88%
2 x MMyanmar
88%
1 x MMadagaskar
87%
1 x MMauritius
87%
1 x MOman
86%
1 x MMalawi
85%
2 x MMosambik
84%
1 x MGambia
83%
1 x MJemen
83%
1 x MPohjois-Makedonia
83%
1 x MKambodža
82%
1 x MMikronesia
82%
1 x MSambia
82%
1 x MArmenia
81%
1 x MSamoa
81%
1 x MDominica
80%
1 x MAlankomaat
79%
1 x MJamaika
79%
1 x MNamibia
77%
1 x MSomalia
77%
1 x MYhdistyneet arabiemiirikunnat
77%
1 x MKomorit
76%
1 x MRomania
76%
1 x MDominikaaninen tasavalta
75%
1 x MKamerun
74%
1 x MSalomonsaaret
73%
1 x MKolumbia
72%
1 x MTurkmenistan
71%
1 x MLuxemburg
70%
1 x MVietnam
70%
1 x MSan Marino
69%
1 x MPanama
68%
1 x MSão Tomé ja Príncipe
68%
1 x MGuatemala
66%
1 x MKongon demokraattinen tasavalta
66%
1 x MZimbabwe
65%
1 x MSuriname
64%
1 x MThaimaa
64%
1 x MBahama
63%
1 x MItä-Timor
62%

Tulosjakauma

Persentiili vastausten määrän mukaan

Jokaisen tuloksen saaneiden osuus

Tuloshistoriasi

Et ole pelannut tätä visaa